LEADER 01262nam0 22003133i 450 001 SBL0702135 005 20231121125831.0 100 $a20200316d1973 ||||0itac50 ba 101 | $afre 102 $ach 181 1$6z01$ai $bxxxe 182 1$6z01$an 200 1 $a˜La œpresse périodique française et l'Afrique barbaresque au 17. siècle (1611-1715) 210 $aGenève$cDroz$d1973 215 $a189 p.$d24 cm. 225 | $aHistoire des idées et critique littéraire 410 0$1001BVE0000892$12001 $aHistoire des idées et critique littéraire 606 $aPeriodici francesi$xAfrica$x1611-1715$2FIR$3RMLC408070$9I 676 $a054.1$9$v21 700 1$aTurbet-Delof$b, Guy$3SBLV305950$4070$0244806 801 3$aIT$bIT-01$c20200316 850 $aIT-RM028 $aIT-FR0017 899 $aBiblioteca Universitaria Alessandrina$bRM028 899 $aBiblioteca umanistica Giorgio Aprea$bFR0017 912 $aSBL0702135 950 0$aBiblioteca umanistica Giorgio Aprea$d 52MAG 2/1731$e 52MAG0000147775 VMB RS $fA $h20200316$i20200316 977 $a 01$a 52 996 $aPresse périodique française et l'Afrique barbaresque au 17. siècle (1611-1715)$93637235 997 $aUNICAS LEADER 01356nam0 22003613i 450 001 SBL0324711 005 20231121125820.0 020 $aIT$b802463 100 $a20030522d1978 ||||0itac50 ba 101 | $aita 102 $ait 181 1$6z01$ai $bxxxe 182 1$6z01$an 200 1 $aValutazione e interdisciplinarita$fa cura di Mario Mencarelli 210 $aBrescia$cLa scuola$d 1978 215 $a206 p.$d22 cm. 225 | $aScuola d'oggi$v29 410 0$1001CFI0013140$12001 $aScuola d'oggi$v29 606 $aAlunni$xValutazione$xDidattica$2FIR$3RMLC418550$9I 606 $aDidattica$2FIR$3RMLC002574$9I 620 $aIT$dBrescia$3CNCL000510 676 $a370.1$9Educazione. Filosofia, teoria, generalità$v21 676 $a371$9EDUCAZIONE. GENERALITA$v21 702 1$aMencarelli$b, Mario$3CFIV008577 801 3$aIT$bIT-01$c20030522 850 $aIT-FR0084 $aIT-FR0017 899 $aBiblioteca Del Monumento Nazionale Di Montecassino$bFR0084 899 $aBiblioteca umanistica Giorgio Aprea$bFR0017 912 $aSBL0324711 950 0$aBiblioteca umanistica Giorgio Aprea$d 52MAG 13/845$e 52FSS0000040005 VMN RS $fA $h20171201$i20171201 977 $a 25$a 52 996 $aValutazione e interdisciplinarità$9166543 997 $aUNICAS